| 000 | 00619nam a22001577a 4500 | ||
|---|---|---|---|
| 003 | OSt | ||
| 005 | 20160325094957.0 | ||
| 008 | 160325b xxu||||| |||| 00| 0 eng d | ||
| 040 | _cRUA | ||
| 082 | _aAGR CHE 2010 B471 Or.1 | ||
| 100 |
_98211 _aCHEA BUNLENG ; ជា ប៊ុនឡេង |
||
| 245 | _aConvenient prevention of flea beetle on chinese kale , វិថានការសមស្របសំរាប់គ្រប់គ្រងសត្វទាកគូ នៅលើដំណាំខាត់ណាដើម | ||
| 260 |
_aPhnom Penh _bRUA _c2010 |
||
| 300 |
_axii ;48p. _bill. _c29cm. |
||
| 942 |
_2ddc _cAGR |
||
| 999 |
_c7830 _d7830 |
||